000 00417pab a2200169 454500
008 180718b2000 xxu||||| |||| 00| 0 eng d
100 _aBasu, Kaushik
245 _aThe intriguing relation between adult minimum wage and child labour
260 _c2000
300 _ap.C30-C61
362 _aMar
650 _aChild labour
650 _aWages
650 _aLabour
773 _aEconomic Journal
909 _a47548
999 _c47548
_d47548